DORNALDS POCKET MEDICAL DICTIONARY (Record no. 2719)

MARC details
000 -LEADER
fixed length control field 00390nam a2200145Ia 4500
008 - FIXED-LENGTH DATA ELEMENTS--GENERAL INFORMATION
fixed length control field 150201s2001 xx 000 0 und d
082 ## - DEWEY DECIMAL CLASSIFICATION NUMBER
Classification number 603
Item number D2001M
100 ## - MAIN ENTRY--PERSONAL NAME
Personal name HARCOURT
245 ## - TITLE STATEMENT
Title DORNALDS POCKET MEDICAL DICTIONARY
250 ## - EDITION STATEMENT
Edition statement 26TH
260 ## - PUBLICATION, DISTRIBUTION, ETC. (IMPRINT)
Name of publisher, distributor, etc. HARCOURT INDIA PRIVATE LIMITED
Place of publication, distribution, etc. GREATER KAILASH-2 (NEW DELHI)
Date of publication, distribution, etc. 2001
300 ## - PHYSICAL DESCRIPTION
Extent 1-931
650 ## - SUBJECT ADDED ENTRY--TOPICAL TERM
Topical term or geographic name as entry element DICTIONARIES
942 ## - ADDED ENTRY ELEMENTS (KOHA)
Source of classification or shelving scheme Dewey Decimal Classification
Koha item type Books
Holdings
Withdrawn status Lost status Source of classification or shelving scheme Damaged status Not for loan Home library Current library Date acquired Source of acquisition Cost, normal purchase price Serial Enumeration / chronology SGTU Bill Number Total Checkouts Full call number Barcode Date last seen Bill Date Koha item type
    Dewey Decimal Classification     SGT Dental Library SGT Dental Library 13/07/2003 U.B.S.DELHI 260.00 1 SGTU 279   603 D2001M FD1093 09/02/2015 11/02/2012 Books